Eastern Utah Libraries Catalog: Duchesne, Heber, Roosevelt, & Vernal

The case of the cursed clock tower / (Record no. 383628)

MARC details
000 -LEADER
fixed length control field 03584nam a2200685 i 4500
001 - CONTROL NUMBER
control field 3385421
005 - DATE AND TIME OF LATEST TRANSACTION
control field 20230501133611.0
008 - FIXED-LENGTH DATA ELEMENTS--GENERAL INFORMATION
fixed length control field 221219s2022 mnua c 000 1 eng d
010 ## - LIBRARY OF CONGRESS CONTROL NUMBER
LC control number 2021951994
020 ## - INTERNATIONAL STANDARD BOOK NUMBER
International Standard Book Number 9781098233211 :
Terms of availability $32.79
020 ## - INTERNATIONAL STANDARD BOOK NUMBER
International Standard Book Number 1098233212 :
Terms of availability $32.79
020 ## - INTERNATIONAL STANDARD BOOK NUMBER
International Standard Book Number 9781644948286
020 ## - INTERNATIONAL STANDARD BOOK NUMBER
Cancelled/invalid ISBN 9781098234058
020 ## - INTERNATIONAL STANDARD BOOK NUMBER
Cancelled/invalid ISBN 9781098234478
035 ## - SYSTEM CONTROL NUMBER
System control number (OCoLC)1338677272
035 ## - SYSTEM CONTROL NUMBER
System control number (OCoLC)on1338677272
035 ## - SYSTEM CONTROL NUMBER
System control number 3293093
040 ## - CATALOGING SOURCE
Original cataloging agency PABRO
Language of cataloging eng
Description conventions rda
Transcribing agency PABRO
050 #4 - LIBRARY OF CONGRESS CALL NUMBER
Classification number PZ7.1.C647715
Item number Cas 2023
082 04 - DEWEY DECIMAL CLASSIFICATION NUMBER
Classification number [Fic]
Edition number 23
092 ## - LOCALLY ASSIGNED DEWEY CALL NUMBER (OCLC)
Classification number F
999 ## - SYSTEM CONTROL NUMBERS (KOHA)
Koha Dewey Subclass [OBSOLETE] F
100 1# - MAIN ENTRY--PERSONAL NAME
Personal name Cooper, Brigitte,
Relator term author.
245 14 - TITLE STATEMENT
Title The case of the cursed clock tower /
Statement of responsibility, etc by Brigitte Henry Cooper ; illustrated by Cecilia Messina.
264 #1 - Production, Publication, Distribution, Manufacture, and Copyright Notice.
Place of production, publication, distribution, manufacture Minneapolis, Minnesota :
Name of producer, publisher, distributor, manufacturer Spellbound, an imprint of Magic Wagon,
Date of production, publication, distribution, manufacture, or copyr [2023]
300 ## - PHYSICAL DESCRIPTION
Extent 48 pages :
Other physical details color illustrations ;
Dimensions 19 cm.
336 ## - Content Type
Content type term text
337 ## - Media type
Media type term unmediated
338 ## - Carrier type
Carrier type term volume
520 ## - SUMMARY, ETC.
Summary, etc When flickering lights and a ghastly screech begin plaguing Murky Creek at the turn of each hour, the Phantom Finders investigate the clock tower by the high school football stadium. They discover that the tower is dedicated to a star player who would have plenty of reason to curse his old stomping ground.
521 1# - TARGET AUDIENCE NOTE
Target audience note 8-12
Source Brodart.
521 2# - TARGET AUDIENCE NOTE
Target audience note 3-7
Source Brodart.
526 0# - STUDY PROGRAM INFORMATION NOTE
Program name Accelerated Reader
Interest level MG
Reading level 3.8
Title point value .5
Public note 517581.
650 #1 - SUBJECT ADDED ENTRY--TOPICAL TERM
Topical term or geographic name as entry element Mystery and detective stories.
650 #0 - SUBJECT ADDED ENTRY--TOPICAL TERM
Topical term or geographic name as entry element Tower clocks
Form subdivision Juvenile fiction.
9 (RLIN) 6466534
650 #0 - SUBJECT ADDED ENTRY--TOPICAL TERM
Topical term or geographic name as entry element Football stadiums
Form subdivision Juvenile fiction.
9 (RLIN) 6466535
650 #1 - SUBJECT ADDED ENTRY--TOPICAL TERM
Topical term or geographic name as entry element Tower clocks
Form subdivision Fiction.
9 (RLIN) 6466536
650 #1 - SUBJECT ADDED ENTRY--TOPICAL TERM
Topical term or geographic name as entry element Football stadiums
Form subdivision Fiction.
9 (RLIN) 6466537
650 #7 - SUBJECT ADDED ENTRY--TOPICAL TERM
Topical term or geographic name as entry element JUVENILE FICTION / Fantasy & Magic.
Source of heading or term bisacsh
9 (RLIN) 5675426
650 #7 - SUBJECT ADDED ENTRY--TOPICAL TERM
Topical term or geographic name as entry element JUVENILE FICTION / Action & Adventure.
Source of heading or term bisacsh
9 (RLIN) 5715081
650 #7 - SUBJECT ADDED ENTRY--TOPICAL TERM
Topical term or geographic name as entry element JUVENILE FICTION / Horror.
Source of heading or term bisacsh
9 (RLIN) 5718181
655 #7 - INDEX TERM--GENRE/FORM
Genre/form data or focus term Detective and mystery fiction.
Source of term lcgft
9 (RLIN) 5683641
655 #0 - INDEX TERM--GENRE/FORM
Genre/form data or focus term Detective and mystery stories.
655 #7 - INDEX TERM--GENRE/FORM
Genre/form data or focus term Mystery fiction.
Source of term gsafd
700 1# - ADDED ENTRY--PERSONAL NAME
Personal name Messina, Cecilia,
Relator term illustrator.
910 ## - USER-OPTION DATA (OCLC)
User-option data BRO
942 ## - ADDED ENTRY ELEMENTS (KOHA)
Source of classification or shelving scheme Dewey Decimal Classification
Koha item type BOOK
948 ## - LOCAL PROCESSING INFORMATION (OCLC); SERIES PART DESIGNATOR (RLIN)
Series part designator, SPT (RLIN) BVP
b (OCLC) CHILDREN'S
p (OCLC) X132333808
k (OCLC) J
h (OCLC) F
f (OCLC) 1
r (OCLC) 2
g (OCLC) 1
7 (OCLC) 0
u (OCLC) 3
w (OCLC) 11
s (OCLC) 0
o (OCLC) BVP
0 (OCLC) $32.79
y (OCLC) 99
c (OCLC) 26
j (OCLC) Dewey Decimal
n (OCLC) On-Order
e (OCLC) 2110581-5
9 (OCLC) Item generated Apr 5 2023 9:58AM
948 ## - LOCAL PROCESSING INFORMATION (OCLC); SERIES PART DESIGNATOR (RLIN)
Series part designator, SPT (RLIN) CCL
b (OCLC) CHILDREN'S
p (OCLC) X132333915
k (OCLC) J
h (OCLC) F
f (OCLC) 1
r (OCLC) 2
g (OCLC) 1
7 (OCLC) 0
u (OCLC) 3
w (OCLC) 11
s (OCLC) 0
o (OCLC) CCL
0 (OCLC) $32.79
y (OCLC) 99
c (OCLC) 26
j (OCLC) Dewey Decimal
n (OCLC) On-Order
e (OCLC) 2110581-6
9 (OCLC) Item generated Apr 5 2023 9:58AM
948 ## - LOCAL PROCESSING INFORMATION (OCLC); SERIES PART DESIGNATOR (RLIN)
Series part designator, SPT (RLIN) BOL
b (OCLC) CHILDREN'S
p (OCLC) X132333782
k (OCLC) J
h (OCLC) F
f (OCLC) 1
r (OCLC) 2
g (OCLC) 1
7 (OCLC) 0
u (OCLC) 3
w (OCLC) 11
s (OCLC) 0
o (OCLC) BOL
0 (OCLC) $32.79
y (OCLC) 99
c (OCLC) 26
j (OCLC) Dewey Decimal
n (OCLC) On-Order
e (OCLC) 2110581-4
9 (OCLC) Item generated Apr 5 2023 9:58AM
948 ## - LOCAL PROCESSING INFORMATION (OCLC); SERIES PART DESIGNATOR (RLIN)
Series part designator, SPT (RLIN) BLW
b (OCLC) CHILDREN'S
p (OCLC) X132333840
k (OCLC) J
h (OCLC) F
f (OCLC) 1
r (OCLC) 2
g (OCLC) 1
7 (OCLC) 0
u (OCLC) 3
w (OCLC) 11
s (OCLC) 0
o (OCLC) BLW
0 (OCLC) $32.79
y (OCLC) 99
c (OCLC) 26
j (OCLC) Dewey Decimal
n (OCLC) On-Order
e (OCLC) 2110581-3
9 (OCLC) Item generated Apr 5 2023 9:58AM
948 ## - LOCAL PROCESSING INFORMATION (OCLC); SERIES PART DESIGNATOR (RLIN)
Series part designator, SPT (RLIN) BHI
b (OCLC) CHILDREN'S
p (OCLC) X132333899
k (OCLC) J
h (OCLC) F
f (OCLC) 1
r (OCLC) 2
g (OCLC) 1
7 (OCLC) 0
u (OCLC) 3
w (OCLC) 11
s (OCLC) 0
o (OCLC) BHI
0 (OCLC) $32.79
y (OCLC) 99
c (OCLC) 26
j (OCLC) Dewey Decimal
n (OCLC) On-Order
e (OCLC) 2110581-1
9 (OCLC) Item generated Apr 5 2023 9:58AM
948 ## - LOCAL PROCESSING INFORMATION (OCLC); SERIES PART DESIGNATOR (RLIN)
Series part designator, SPT (RLIN) BKR
b (OCLC) CHILDREN'S
p (OCLC) X132333824
k (OCLC) J
h (OCLC) F
f (OCLC) 1
r (OCLC) 2
g (OCLC) 1
7 (OCLC) 0
u (OCLC) 3
w (OCLC) 11
s (OCLC) 0
o (OCLC) BKR
0 (OCLC) $32.79
y (OCLC) 99
c (OCLC) 26
j (OCLC) Dewey Decimal
n (OCLC) On-Order
e (OCLC) 2110581-2
9 (OCLC) Item generated Apr 5 2023 9:58AM
Holdings
Withdrawn status Lost status Source of classification or shelving scheme Damaged status Not for loan Collection code Home library Current library Shelving location Date acquired Source of acquisition Serial Enumeration / chronology Total Checkouts Total Renewals Full call number Barcode Date last seen Date checked out Cost, replacement price Price effective from Koha item type
    Dewey Decimal Classification     Junior Fiction Wasatch County Library Wasatch County Library Main Floor Junior Area 04/06/2024 Rainbow Books Phantom Finders Book 2 2 3 J Cooper 34301002007542 10/15/2025 09/13/2025 13.00 04/06/2024 BOOK
This project was made possible through a grant from the Institute of Museum and Library Service administered by the Utah State Library Division.

Wasatch County Library

  • 465 East 1200 South, Heber City, Utah 84032
  • Phone 435-654-1511 | Fax 435-654-6456

Hours

  • Monday - Friday 9:30 AM - 8:00 PM
  • Saturday 9:30 AM - 1:30 PM
  • Closed Sundays and Holidays